| 000 | 00786cam a2200193 4500 | ||
|---|---|---|---|
| 001 | WB3538-13 | ||
| 008 | 000000n1999 000 0 eng u | ||
| 035 | _a(Sirsi) u102816 | ||
| 245 | _aChallenge facing RDAs. | ||
| 260 | _c1999 | ||
| 490 |
_aFinancial Times _v30 September 1999, 13(2) |
||
| 520 | _aThe government's latest Regional Trends figures emphasise the existence of the north-south divide, with London and the south east the only areas which are above the EU average for GDP per head. The results give some indication of the problems which will face the RDAs in their aim of strengthening regional economies. | ||
| 650 | _aREGIONS | ||
| 650 | _aREGIONAL TRENDS | ||
| 650 | _aNORTH SOUTH DIVIDE | ||
| 650 | _aSTATISTICS | ||
| 690 | _aECONOMIC AND SOCIAL | ||
| 942 | _n0 | ||
| 999 |
_c61790 _d61790 |
||